El drenaje de suelos salinos
Guardat en:
| Autor corporatiu: | |
|---|---|
| Format: | Llibre |
| Idioma: | espanyol |
| Publicat: |
Roma
FAO
1976
|
| Col·lecció: | Estudios Sobre Riego y Avenamiento, 16
|
| Matèries: | |
| Etiquetes: |
Afegir etiqueta
Sense etiquetes, Sigues el primer a etiquetar aquest registre!
|
MARC
| LEADER | 00000nam a2200000 a 4500 | ||
|---|---|---|---|
| 001 | UCR3055 | ||
| 003 | CL-VaPUC | ||
| 008 | 980123e19760000IT |||||||||||||||||spa|d | ||
| 082 | 0 | 4 | |a 631.6 |b FAO |2 21 |
| 110 | 2 | |a FAO |e author |9 401819 | |
| 245 | 1 | 3 | |a El drenaje de suelos salinos |
| 300 | |a 94 p | ||
| 942 | |c BK | ||
| 945 | |d 19980123 00:00:00 |a jquezada | ||
| 260 | |a Roma |b FAO |c 1976 | ||
| 650 | 0 | |a Riego |9 259685 | |
| 650 | 0 | |a Sistemas de riego |9 362150 | |
| 650 | 7 | |a SUELO SALINO |2 CL-VaPUC |9 401820 | |
| 650 | 7 | |a SALINIDAD |2 CL-VaPUC |9 263023 | |
| 650 | 7 | |a SUELO ALCALINO |2 CL-VaPUC |9 401821 | |
| 650 | 7 | |a SUELO SALINO |2 CL-VaPUC |9 401820 | |
| 583 | |a last modification |c 19980123 00:00:00 |k Rodrigo Vera | ||
| 490 | 0 | |a Estudios Sobre Riego y Avenamiento, 16 | |
| 999 | |c 266166 |d 266164 | ||